| 000 | 00536cam a22001815a 4500 | ||
|---|---|---|---|
| 001 | L154752 | ||
| 008 | 120117s1969 xxk f 000 0 eng d | ||
| 035 | _a(Sirsi) u154752 | ||
| 041 | 0 | _aeng | |
| 100 | 1 | _aSteel, Robert | |
| 245 | 0 | 0 |
_aProphecies and prospects _bthe changing horizons of the surveyor |
| 260 |
_aLondon _bRICS _c1969 |
||
| 300 |
_a8p. _c30cm. |
||
| 520 | _aA paper presented at The Chartered Surveyors Annual Conference, July 1969. | ||
| 651 | 4 |
_aUnited Kingdom _y |
|
| 690 | _aBusiness and management | ||
| 942 | _n0 | ||
| 999 |
_c113129 _d113129 |
||